Vlakem /

Hlavní autor: Kyšperský, Martin E., 1980-
Jazyk: Čeština
Vydáno: [Praha] : Polí5, [2016]
Témata:
Fyzický popis: 1 CD audio ; 12 cm
Zvukové nahrávky
Uloženo v:
LEADER 01727njm a2200445 i 4500
001 001568446
003 CZ BrMZK
005 20170412083836.0
007 sd fungnnmmned
008 170315s2016 xr zznng d n cze
024 3 |a 8595026624283 
028 0 1 |a EPP 112-2  |b Polí5 
040 |a BOA001  |b cze  |e rda 
045 |a y1y2 
072 7 |x Populární hudba. Populární písně. Populární taneční hudba  |a 78.011.26  |2 Konspekt  |9 9 
080 |a 78-028.82  |2 MRF 
080 |a 789.983  |2 MRF 
080 |a (086.76)  |2 MRF 
100 1 |a Kyšperský, Martin E.,  |d 1980-  |7 jx20070903018  |4 arr  |4 cmp  |4 itr  |4 lyr  |4 sng 
245 1 0 |a Vlakem /  |c Martin E. Kyšperský 
264 1 |a [Praha] :  |b Polí5,  |c [2016] 
300 |a 1 CD audio ;  |c 12 cm 
336 |a hraná hudba  |b prm  |2 rdacontent 
337 |a audio  |b s  |2 rdamedia 
338 |a audiodisk  |b sd  |2 rdacarrier 
344 |a digital  |b optical  |2 rda 
347 |a audio soubor  |b CD audio  |2 rda 
500 |a Název z pouzdra 
500 |a Hudba, texty (v pouzdře) a aranže: Martin E. Kyšperský 
505 0 0 |t Nic --  |t Růžový kufr --  |t Dwyl --  |t Kamkolín --  |t Přesličky --  |t Klimatizace --  |t Hlasy z vedlejších kupé --  |t Spolucestující --  |t Ženy --  |t Míjíme uhlí --  |t Vlakový personál --  |t Nic 2 
511 1 |a Martin E. Kyšperský a další 
518 |o Nahráno  |d 2016  |p studio Amakvaré 
648 7 |a 2011-2020  |7 ch460589 
650 0 7 |a alternativní hudba  |7 ph451069  |y 2011-2020  |2 czenas 
650 0 7 |a elektronická hudba  |7 ph114446  |2 czenas 
655 7 |a kompaktní disky  |7 fd201991  |2 czenas 
910 |a BOA001  |b CDR-1384.453 
990 |a AV 
991 |b 201704 
996 6 |b 2610701221  |c CDR-1384.453  |l MZK  |r Sklad / do 24 hodin  |n 0  |p p.v.  |w 001604027  |u 000010  |a 1  |e BOA001  |j MZK50  |s P